| 000 | 01354cam a2200361 i 4500 | ||
|---|---|---|---|
| 001 | 13408 | ||
| 003 | Mx-PuUPA | ||
| 005 | 20250623160006.0 | ||
| 008 | 140415s2011 ag a gr 000 0 spa d | ||
| 020 | _a9789870320623 | ||
| 040 |
_aMx-PuUPA _bspa _cMx-PuUPA _dMx-PuUPA _erda |
||
| 041 | 0 | _aspa | |
| 100 | 1 |
_aPahlen Acuña, Ricardo J. M., _917081 _eautor |
|
| 245 | 1 | 0 |
_aContabilidad : _bsistemas y procesos / _cRicardo J.M. Pahlen Acuña, Ana María Campo, Osvaldo Argentino Chaves, Héctor Chyrikinis, Luisa Fronti de García, Rubén Helouani, Juan Carlos Viegas |
| 250 | _a1a. edición | ||
| 264 | 1 |
_aBuenos Aires, Argentina : _bLa Ley, _c2011 |
|
| 300 |
_axxi, 405 páginas : _bilustraciones ; _c25 cm |
||
| 336 |
_2rdacontent _atexto _btxt |
||
| 337 |
_2rdamedia _asin medio _bn |
||
| 338 |
_2rdacarrier _avolumen _bnc |
||
| 490 | 0 | _aColección Teoría Contable | |
| 650 | 7 |
_2armarc _aContabilidad |
|
| 700 | 1 |
_aCampo, Ana María, _eautor |
|
| 700 | 1 |
_aArgentino Chaves, Osvaldo, _eautor |
|
| 700 | 1 |
_aChyrikins, Héctor, _eautor |
|
| 700 | 1 |
_aFronti de García, Luisa, _eautor |
|
| 700 | 1 |
_aHelouani, Rubén, _eautor |
|
| 700 | 1 |
_aViegas, Juan Carlos, _eautor |
|
| 942 |
_2ddc _cLI _h657 _iP53 |
||
| 999 |
_c13408 _d13408 |
||